ბათუმის შოთა რუსთაველის სახელმწიფო უნივერსიტეტის ბიბლიოთეკა

Защита растении от вредителей и болезней (ბიბ.ჩანაწერი № 45854)

000 -LEADER
fixed length control field 00704nam a2200217Ia 4500
001 - CONTROL NUMBER
control field 12683
003 - CONTROL NUMBER IDENTIFIER
control field GE_BSU
008 - FIXED-LENGTH DATA ELEMENTS--GENERAL INFORMATION
fixed length control field 181216s||||||||xx |||||||||||||| ||und||
040 ## - CATALOGING SOURCE
Transcribing agency GE_BSU
080 ## - UNIVERSAL DECIMAL CLASSIFICATION NUMBER
Universal Decimal Classification number 632(075.32)
100 ## - MAIN ENTRY--PERSONAL NAME
Personal name Брянцев,Б.А. Доброзракова,Т.Л.
245 ## - TITLE STATEMENT
Title Защита растении от вредителей и болезней
245 ## - TITLE STATEMENT
Statement of responsibility, etc. Ред.Г.А.Осмоловский
260 ## - PUBLICATION, DISTRIBUTION, ETC.
Place of publication, distribution, etc. М-Л
260 ## - PUBLICATION, DISTRIBUTION, ETC.
Name of publisher, distributor, etc. Сельхозиздат
260 ## - PUBLICATION, DISTRIBUTION, ETC.
Date of publication, distribution, etc. 1956
300 ## - PHYSICAL DESCRIPTION
Extent 580стр.21см.
300 ## - PHYSICAL DESCRIPTION
Dimensions Альфавитный указатель с.576
653 ## - INDEX TERM--UNCONTROLLED
Uncontrolled term Защита растении от вредителей и болезней
942 ## - ADDED ENTRY ELEMENTS (KOHA)
Koha item type წიგნი
ეგზემპლარები
Withdrawn status Lost status Damaged status Not for loan Date acquired Barcode Date last seen Price effective from Koha item type
        2018-12-17 20941 2018-12-17 2018-12-17 წიგნი